Online
Catalog

Número para los Gutiérrez y otros cuentos premiados / (Record no. 44382)

MARC details
000 -CABECERA
campo de control de longitud fija 01982nam a2200385 a 4500
001 - NÚMERO DE CONTROL
campo de control 000044893
003 - IDENTIFICADOR DEL NÚMERO DE CONTROL
campo de control DO-SdBNP
005 - FECHA Y HORA DE LA ÚLTIMA TRANSACCIÓN
campo de control 20260428073714.0
008 - DATOS DE LONGITUD FIJA--INFORMACIÓN GENERAL
campo de control de longitud fija 150115s2014 dr 000 j spa d
020 ## - NÚMERO INTERNACIONAL ESTÁNDAR DEL LIBRO
Número Internacional Estándar del Libro 9789945475876
040 ## - FUENTE DE LA CATALOGACIÓN
Centro catalogador/agencia de origen DO-SdBNP
Lengua de catalogación spa
Centro/agencia transcriptor BNPHU
082 #4 - NÚMERO DE LA CLASIFICACIÓN DECIMAL DEWEY
Número de clasificación RD863.5
Número de documento/Ítem P925n
111 2# - ENTRADA PRINCIPAL--NOMBRE DE CONGRESO/REUNIÓN
Nombre de congreso/reunión o jurisdicción como elemento de entrada Premios Joven de Cuento Feria del Libro
Fecha del congreso/reunión (2013 :
Sede del congreso/Lugar de la reunión Santo Domingo)
9 (RLIN) 72906
245 10 - MENCIÓN DE TÍTULO
Título Número para los Gutiérrez y otros cuentos premiados /
Mención de responsabilidad, etc. presentación ; Pedro Antonio Valdez.
260 ## - PUBLICACIÓN, DISTRIBUCIÓN, ETC.
Lugar de publicación, distribución, etc. Santo Domingo :
Nombre del editor, distribuidor, etc. Ediciones Ferilibro,
Fecha de publicación, distribución, etc. 2014.
300 ## - DESCRIPCIÓN FÍSICA
Extensión 51 p. ;
Dimensiones 23 cm.
500 ## - NOTA GENERAL
Nota general Incluye datos biográficos de los autores en las solapas
505 0# - NOTA DE CONTENIDO CON FORMATO
Información miscelánea Gran premio :
Título Números para los Gutiérrez /
Mención de responsabilidad Isidro Jiménez Guillén --
Información miscelánea Menciones :
Título Mi reclamo, unas cuantas palabras /
Mención de responsabilidad Vicente Arturo Pichardo --
Título Papito (mantequilla) dejó el limpio /
Mención de responsabilidad Kianny Antigua --
Título Muñeca -
Mención de responsabilidad Joel Marte Torres --
Título Llámame tristan /
Mención de responsabilidad Raisa Pimentel --
Título El bacá apareció en la universidad /
Mención de responsabilidad Edwin Ricardo Castillo --
Título El cuerpo estorba /
Mención de responsabilidad Santana, Moisés --
Título Una hora de vida /
Mención de responsabilidad Kianny Antigua --
590 ## - NOTA LOCAL (RLIN)
Nota local Inventariado, 2019/BT
650 #0 - PUNTO DE ACCESO ADICIONAL DE MATERIA--TÉRMINO DE MATERIA
Término de materia o nombre geográfico como elemento de entrada Cuentos dominicanos
9 (RLIN) 176
650 #0 - PUNTO DE ACCESO ADICIONAL DE MATERIA--TÉRMINO DE MATERIA
Término de materia o nombre geográfico como elemento de entrada Literatura dominicana.
9 (RLIN) 67
650 #4 - PUNTO DE ACCESO ADICIONAL DE MATERIA--TÉRMINO DE MATERIA
Término de materia o nombre geográfico como elemento de entrada Certamenes literarios
9 (RLIN) 1541
650 #0 - PUNTO DE ACCESO ADICIONAL DE MATERIA--TÉRMINO DE MATERIA
Término de materia o nombre geográfico como elemento de entrada Premios literarios
9 (RLIN) 1542
700 12 - PUNTO DE ACCESO ADICIONAL--NOMBRE DE PERSONA
Nombre de persona Valdez, Pedro Antonio,
Fechas asociadas al nombre 1968-
Término indicativo de función/relación pres.
9 (RLIN) 22509
700 12 - PUNTO DE ACCESO ADICIONAL--NOMBRE DE PERSONA
Nombre de persona Jiménez Guillén, Isidro
Título de la obra Números para los Gutiérrez
9 (RLIN) 72907
700 12 - PUNTO DE ACCESO ADICIONAL--NOMBRE DE PERSONA
Nombre de persona Pichardo, Vicente Arturo
Título de la obra Mi reclamo, unas cuantas palabras
9 (RLIN) 72908
700 12 - PUNTO DE ACCESO ADICIONAL--NOMBRE DE PERSONA
Nombre de persona Antigua, Kianny
Título de la obra Papito (mantequilla) dejó el limpio
9 (RLIN) 72909
700 12 - PUNTO DE ACCESO ADICIONAL--NOMBRE DE PERSONA
Nombre de persona Marte Torres, Joel
Título de la obra Muñeca
9 (RLIN) 72910
700 12 - PUNTO DE ACCESO ADICIONAL--NOMBRE DE PERSONA
Nombre de persona Pimentel, Raisa
Título de la obra Llámame tristan
9 (RLIN) 72911
700 12 - PUNTO DE ACCESO ADICIONAL--NOMBRE DE PERSONA
Nombre de persona Castillo, Edwin Ricardo
Título de la obra El bacá apareció en la universidad
9 (RLIN) 72912
700 12 - PUNTO DE ACCESO ADICIONAL--NOMBRE DE PERSONA
Nombre de persona Santana, Moisés
Título de la obra El cuerpo estorba
9 (RLIN) 72913
700 12 - PUNTO DE ACCESO ADICIONAL--NOMBRE DE PERSONA
Nombre de persona Antigua, Kianny
Título de la obra Una hora de vida
9 (RLIN) 72914
910 ## - DATOS DE OPCIÓN DEL USUARIO (OCLC)
Datos de opción del usuario Validado. Control de calidad MFF
942 ## - ELEMENTOS DE PUNTO DE ACCESO ADICIONAL (KOHA)
Fuente del sistema de clasificación o colocación Dewey Decimal Classification
Tipo de ítem Koha Libro
Holdings
Estado de retiro Estado de pérdida Restricciones de uso No para préstamo Código de colección Localización permanente Ubicación/localización actual Ubicación en estantería Fecha de adquisición Número de inventario Total de préstamos Signatura topográfica completa Código de barras Fecha visto por última vez Número de copia Precio válido a partir de Tipo de ítem Koha
        Dominicana de Servicio General General Depósito 15.01.2015 LF1   RD863.5 P925n 44893-30 25.06.2020 e.3 25.06.2020 Libro y Folleto Colección Dominicana de Servicio
      Excluido de préstamo Patrimonio Dominicano Patrimonio Dominicano Patrimonio Dominicano Depósito 15.01.2015 LF1   RD863.5 P925n 44893-10 25.06.2020   25.06.2020 Libro y Folleto Colección Patrimonio Dominicano
      Excluido de préstamo Patrimonio Dominicano Patrimonio Dominicano Patrimonio Dominicano Depósito 15.01.2015 LF1   RD863.5 P925n 44893-20 25.06.2020   25.06.2020 Libro y Folleto Colección Patrimonio Dominicano

Powered by Koha